[Event "Liberec Open 2018"]
[Site "Liberec CZE"]
[Date "2018.02.24"]
[Round "1.1"]
[White "Plischki, Sebastian"]
[Black "Starzynski, Waldemar"]
[Result "1-0"]
[WhiteElo "2400"]
[BlackElo "1716"]
[PlyCount "51"]
[EventDate "2018.02.24"]
[EventCountry "CZE"]
[SourceTitle "Ajedrez en Madrid"]
[Source "lmi"]
[SourceDate "2018.02.24"]

1. c4 e6 2. Nc3 d5 3. d4 g6 4. Bf4 Bg7 5. e3 Nf6 6. h3 Bd7 7. Nf3 a6 8. cxd5
Nxd5 9. Nxd5 exd5 10. Qb3 Bc6 11. Bd3 Nd7 12. O-O O-O 13. Rac1 Nb6 14. Rc3 Re8
15. Rfc1 Qe7 16. Qd1 Nc8 17. Rxc6 bxc6 18. Rxc6 Nd6 19. Qc2 Ra7 20. Qc5 Nb5 21.
Qxd5 Qb4 22. b3 Raa8 23. a4 Nc3 24. Qc4 Qxc4 25. Bxc4 Na2 26. Rxc7 1-0

[Event "Liberec Open 2018"]
[Site "Liberec CZE"]
[Date "2018.02.24"]
[Round "1.2"]
[White "Jina, Lubos"]
[Black "Chakravarthi Reddy, M."]
[Result "0-1"]
[WhiteElo "1702"]
[BlackElo "2380"]
[PlyCount "72"]
[EventDate "2018.02.24"]
[EventCountry "CZE"]
[SourceTitle "Ajedrez en Madrid"]
[Source "lmi"]
[SourceDate "2018.02.24"]

1. d4 c5 2. e3 e6 3. Nf3 Nf6 4. Bd3 b6 5. O-O Bb7 6. Nbd2 Be7 7. c3 O-O 8. Qe2
Nc6 9. Ne4 Nxe4 10. Bxe4 d5 11. Bc2 Qc7 12. dxc5 bxc5 13. Rd1 f5 14. Ne1 Rad8
15. f4 e5 16. g4 fxg4 17. Qxg4 Rf6 18. Ng2 e4 19. Bd2 Rg6 20. Qe2 Bc8 21. Rf1
Bh3 22. Rf2 Bh4 23. Raf1 Bg4 24. Qb5 Bxf2+ 25. Rxf2 Ne7 26. c4 Qc8 27. cxd5 Bf3
28. Ba5 Rdd6 29. Qa4 Bxg2 30. Rxg2 Rxg2+ 31. Kxg2 Qg4+ 32. Kf1 Qf3+ 33. Ke1
Qxe3+ 34. Kf1 Qxf4+ 35. Ke2 Qf3+ 36. Ke1 Qe3+ 0-1

[Event "Liberec Open 2018"]
[Site "Liberec CZE"]
[Date "2018.02.24"]
[Round "1.3"]
[White "Certek, Pavel"]
[Black "Simon, Petr"]
[Result "1-0"]
[WhiteElo "2256"]
[BlackElo "1692"]
[PlyCount "65"]
[EventDate "2018.02.24"]
[EventCountry "CZE"]
[SourceTitle "Ajedrez en Madrid"]
[Source "lmi"]
[SourceDate "2018.02.24"]

1. d4 Nf6 2. Bf4 d6 3. Nc3 g6 4. e4 c6 5. Qd2 Bg7 6. Nf3 Qa5 7. e5 dxe5 8. Nxe5
Be6 9. Nc4 Bxc4 10. Bxc4 e6 11. O-O O-O 12. Rfe1 Nd5 13. Nxd5 Qxd2 14. Ne7+ Kh8
15. Bxd2 Re8 16. Nxg6+ hxg6 17. c3 Nd7 18. Rad1 Nf6 19. g3 Rad8 20. Bg5 Rd7 21.
Bb3 Nh7 22. Bf4 Red8 23. Kg2 Bf6 24. h4 Kg7 25. Rh1 Rh8 26. g4 g5 27. hxg5 Nxg5
28. Rxh8 Kxh8 29. Bc2 Kg7 30. Rh1 Rd8 31. Rh5 Rd5 32. Bb8 a6 33. f4 1-0

[Event "Liberec Open 2018"]
[Site "Liberec CZE"]
[Date "2018.02.24"]
[Round "1.4"]
[White "Pruetting, Lucas"]
[Black "Bednar, Marcel"]
[Result "0-1"]
[WhiteElo "1678"]
[BlackElo "2246"]
[PlyCount "54"]
[EventDate "2018.02.24"]
[EventCountry "CZE"]
[SourceTitle "Ajedrez en Madrid"]
[Source "lmi"]
[SourceDate "2018.02.24"]

1. e4 c5 2. Nf3 d6 3. d4 cxd4 4. Nxd4 Nf6 5. Nc3 a6 6. Bd3 e5 7. Nb3 Be6 8. Qe2
Nbd7 9. h3 b5 10. Be3 Qc7 11. f4 exf4 12. Bxf4 Ne5 13. Nd4 Be7 14. Bxe5 dxe5
15. Nxe6 fxe6 16. Nd1 O-O 17. O-O Qb6+ 18. Kh1 g6 19. a4 Nh5 20. Rf3 Rxf3 21.
Qxf3 Rf8 22. Qg4 Rf4 23. axb5 axb5 24. Nc3 Rxg4 25. hxg4 Qf2 26. Ra8+ Kg7 27.
Rc8 Nf4 0-1

[Event "Liberec Open 2018"]
[Site "Liberec CZE"]
[Date "2018.02.24"]
[Round "1.5"]
[White "Kucera, Petr"]
[Black "Svec, Ludek"]
[Result "1-0"]
[WhiteElo "2236"]
[BlackElo "1673"]
[PlyCount "81"]
[EventDate "2018.02.24"]
[EventCountry "CZE"]
[SourceTitle "Ajedrez en Madrid"]
[Source "lmi"]
[SourceDate "2018.02.24"]

1. d4 Nf6 2. c4 e6 3. g3 Bb4+ 4. Nd2 O-O 5. Bg2 Nc6 6. Ngf3 d5 7. O-O Re8 8.
Qc2 Bd7 9. Rd1 a5 10. a3 Bf8 11. b3 g6 12. Bb2 Bg7 13. Rac1 Rc8 14. e3 Nb8 15.
Ne5 Na6 16. Bc3 c6 17. b4 axb4 18. axb4 Bf8 19. Qb2 Nc7 20. c5 Nb5 21. Nb3 Ra8
22. Be1 Qc7 23. Ra1 Rxa1 24. Rxa1 Bc8 25. Ra8 Bg7 26. Bf1 Nd7 27. f4 Nb8 28.
Qa1 Na6 29. Bxb5 cxb5 30. Qa5 Bxe5 31. dxe5 Qd7 32. Nd4 Nc7 33. Ra7 Re7 34. Qb6
f6 35. c6 bxc6 36. Nxc6 Rf7 37. Nb8 Qd8 38. Qd6 Qe7 39. Bc3 f5 40. Bd4 Kg7 41.
Bb6 1-0

[Event "Liberec Open 2018"]
[Site "Liberec CZE"]
[Date "2018.02.24"]
[Round "1.6"]
[White "Zitek, Jiri"]
[Black "Parligras, Cosmin"]
[Result "0-1"]
[WhiteElo "1664"]
[BlackElo "2214"]
[PlyCount "110"]
[EventDate "2018.02.24"]
[EventCountry "CZE"]
[SourceTitle "Ajedrez en Madrid"]
[Source "lmi"]
[SourceDate "2018.02.24"]

1. e4 c5 2. Nc3 Nc6 3. Nge2 Nf6 4. d4 cxd4 5. Nxd4 d6 6. Be2 g6 7. O-O Bg7 8.
Be3 O-O 9. Kh1 Bd7 10. f4 Qa5 11. Bf3 Rfe8 12. Nxc6 bxc6 13. Bd2 Qc7 14. Qe2 e6
15. Rad1 Rab8 16. b3 Bc8 17. g4 Nd7 18. Qg2 Ba6 19. Rfe1 Rbd8 20. Ne2 Bxe2 21.
Bxe2 c5 22. h4 Nb6 23. a4 Qe7 24. Qh3 Nd7 25. Ba5 Nb6 26. Bb5 Rf8 27. Re2 Qb7
28. Qg2 Rc8 29. Rxd6 Qe7 30. e5 Qxh4+ 31. Qh2 Qxg4 32. Rg2 Qf3 33. Be2 Qb7 34.
Qg3 Rfd8 35. Bf3 Qa6 36. Bxb6 Rxd6 37. exd6 Qxb6 38. Rd2 Rd8 39. f5 exf5 40.
Qh4 Rxd6 41. Rh2 h5 42. Re2 Re6 43. Rd2 Qb4 44. Qd8+ Kh7 45. Kg2 Bf6 46. Qd7
Kg7 47. Qd3 Qf4 48. Rd1 Re3 49. Qf1 Be5 50. Qf2 g5 51. Rd7 g4 52. Bd5 Rg3+ 53.
Kf1 Qc1+ 54. Ke2 Qxc2+ 55. Ke1 Bc3+ 0-1

[Event "Liberec Open 2018"]
[Site "Liberec CZE"]
[Date "2018.02.24"]
[Round "1.7"]
[White "Moravec, Vit"]
[Black "Hruby, Vaclav"]
[Result "1-0"]
[WhiteElo "2211"]
[BlackElo "1662"]
[PlyCount "39"]
[EventDate "2018.02.24"]
[EventCountry "CZE"]
[SourceTitle "Ajedrez en Madrid"]
[Source "lmi"]
[SourceDate "2018.02.24"]

1. e4 e5 2. f4 exf4 3. Nf3 Nf6 4. e5 Nh5 5. Be2 g6 6. O-O d6 7. d4 dxe5 8. Nxe5
Ng7 9. Bxf4 Be6 10. c4 c6 11. Nc3 Nd7 12. d5 cxd5 13. cxd5 Bf5 14. Kh1 Nxe5 15.
Bxe5 Rg8 16. Bb5+ Bd7 17. Bf6 Be7 18. Re1 Ne6 19. Bxe7 Qxe7 20. dxe6 1-0

[Event "Liberec Open 2018"]
[Site "Liberec CZE"]
[Date "2018.02.24"]
[Round "1.8"]
[White "Veselsky, Jan"]
[Black "Wiley, Thomas"]
[Result "0-1"]
[WhiteElo "1657"]
[BlackElo "2190"]
[PlyCount "78"]
[EventDate "2018.02.24"]
[EventCountry "CZE"]
[SourceTitle "Ajedrez en Madrid"]
[Source "lmi"]
[SourceDate "2018.02.24"]

1. d4 Nf6 2. c4 e6 3. Nc3 Bb4 4. Nf3 c5 5. e3 Nc6 6. Bd3 Bxc3+ 7. bxc3 d6 8.
O-O e5 9. Bc2 Qc7 10. Nd2 Bg4 11. f3 Bh5 12. Ne4 Nxe4 13. Bxe4 Bg6 14. Bd3
O-O-O 15. a4 f5 16. Ba3 b6 17. Rb1 f4 18. exf4 exf4 19. Be4 Na5 20. Qd3 Bxe4
21. fxe4 g5 22. Rf3 Rhf8 23. Rh3 Rf7 24. Rh6 Re8 25. Re1 Kb8 26. Bc1 cxd4 27.
cxd4 Qxc4 28. Qd1 Nb7 29. Ba3 Re6 30. Rxe6 Qxe6 31. d5 Qf6 32. Qg4 Rc7 33. e5
dxe5 34. a5 Nc5 35. axb6 Qxb6 36. Kh1 Nd3 37. Rf1 Nf2+ 38. Rxf2 Qb1+ 39. Bc1
Rxc1+ 0-1

[Event "Liberec Open 2018"]
[Site "Liberec CZE"]
[Date "2018.02.24"]
[Round "1.9"]
[White "Balinski, Damian"]
[Black "Shanmukha Pulli"]
[Result "1-0"]
[WhiteElo "2164"]
[BlackElo "1654"]
[PlyCount "95"]
[EventDate "2018.02.24"]
[EventCountry "CZE"]
[SourceTitle "Ajedrez en Madrid"]
[Source "lmi"]
[SourceDate "2018.02.24"]

1. d4 c6 2. c4 d5 3. Nf3 Nf6 4. e3 Bg4 5. h3 Bf5 6. Nc3 e6 7. Nh4 Bg6 8. Nxg6
hxg6 9. Bd3 Nbd7 10. O-O Bd6 11. e4 dxe4 12. Nxe4 Nxe4 13. Bxe4 Nf6 14. Bf3 O-O
15. Qb3 Rb8 16. Be3 a6 17. Rad1 Qe7 18. Rfe1 Rfe8 19. Bg5 Qc7 20. Re2 Bh2+ 21.
Kh1 Bf4 22. Bxf4 Qxf4 23. Re5 Red8 24. g3 Qh6 25. Kg2 Nd7 26. Re3 Qg5 27. d5
exd5 28. cxd5 c5 29. d6 b5 30. Re7 c4 31. Qa3 b4 32. Qxa6 Nb6 33. Rb7 Qc5 34.
Rc7 Qe5 35. Rc6 Nc8 36. d7 Ne7 37. Rxc4 Qxb2 38. Re4 Nf5 39. Qa7 Kh7 40. Rde1
Nd6 41. Rh4+ Kg8 42. Rd4 Nf5 43. Qxb8 Rxb8 44. Re8+ Kh7 45. Rxb8 Ne3+ 46. Kg1
Qa1+ 47. Kh2 Qb2 48. Rh4# 1-0

[Event "Liberec Open 2018"]
[Site "Liberec CZE"]
[Date "2018.02.24"]
[Round "1.10"]
[White "Habenicht, Martin"]
[Black "Dzikowski, Michal"]
[Result "0-1"]
[WhiteElo "1640"]
[BlackElo "2158"]
[PlyCount "74"]
[EventDate "2018.02.24"]
[EventCountry "CZE"]
[SourceTitle "Ajedrez en Madrid"]
[Source "lmi"]
[SourceDate "2018.02.24"]

1. Nf3 Nf6 2. c4 e6 3. d4 Nc6 4. g3 Bb4+ 5. Bd2 Qe7 6. a3 Bxd2+ 7. Nbxd2 d6 8.
Bg2 a5 9. O-O O-O 10. e4 e5 11. d5 Nb8 12. Qc2 a4 13. Ne1 Bg4 14. f3 Bd7 15.
Nd3 Na6 16. f4 Ng4 17. Rae1 exf4 18. gxf4 Rae8 19. h3 Nh6 20. Rf3 Qf6 21. e5
Qg6 22. Qc3 Nf5 23. Ne4 b6 24. Kh2 Nc5 25. Ndxc5 bxc5 26. Bf1 Kh8 27. Bd3 Qh5
28. Bb1 Nd4 29. Rg3 Bf5 30. exd6 Bxe4 31. Bxe4 cxd6 32. Ree3 f5 33. Rg5 Qh4 34.
Bg2 Qxf4+ 35. Reg3 g6 36. Bf3 Re3 37. Qa5 Nxf3+ 0-1

[Event "Liberec Open 2018"]
[Site "Liberec CZE"]
[Date "2018.02.24"]
[Round "1.11"]
[White "Voldrich, Milan"]
[Black "Steiner, Bruno"]
[Result "0-1"]
[WhiteElo "1612"]
[BlackElo "2150"]
[PlyCount "62"]
[EventDate "2018.02.24"]
[EventCountry "CZE"]
[SourceTitle "Ajedrez en Madrid"]
[Source "lmi"]
[SourceDate "2018.02.24"]

1. c4 e6 2. d4 d5 3. e3 Nf6 4. Nf3 b6 5. Be2 Bb7 6. O-O Bd6 7. Nc3 Nbd7 8. h3
O-O 9. Qc2 a6 10. b3 Ne4 11. Bd3 Nxc3 12. Qxc3 dxc4 13. Be2 cxb3 14. Qxb3 Qe7
15. Bb2 Rfc8 16. Rac1 b5 17. Qd3 c5 18. Rfd1 c4 19. Qc2 f5 20. Ne5 c3 21. Ba1
Nxe5 22. dxe5 Bxe5 23. f4 Bf6 24. Bf3 Bxf3 25. gxf3 b4 26. Qa4 Qc5 27. Rd3 Rd8
28. Qc2 Rxd3 29. Qxd3 Rd8 30. Qe2 Rd2 31. Qe1 Bh4 0-1

[Event "Liberec Open 2018"]
[Site "Liberec CZE"]
[Date "2018.02.24"]
[Round "1.12"]
[White "Krajinski, Lutz"]
[Black "Gurack, Daniel"]
[Result "0-1"]
[WhiteElo "1603"]
[BlackElo "2084"]
[PlyCount "58"]
[EventDate "2018.02.24"]
[EventCountry "CZE"]
[SourceTitle "Ajedrez en Madrid"]
[Source "lmi"]
[SourceDate "2018.02.24"]

1. c4 e6 2. Nc3 d5 3. e3 Nf6 4. Nf3 Be7 5. b3 O-O 6. Bb2 b6 7. Be2 Bb7 8. Qc2
c5 9. d4 Nbd7 10. O-O Rc8 11. Rac1 Qc7 12. Rfd1 cxd4 13. Nxd4 Qb8 14. Qb1 dxc4
15. Bxc4 Ne5 16. Be2 Neg4 17. g3 Qa8 18. h3 Ne5 19. f4 Nf3+ 20. Kf2 Nxd4 21.
Rxd4 Bc5 22. Rc4 a5 23. f5 Rfe8 24. Nd1 Ne4+ 25. Ke1 exf5 26. Bf3 Qb8 27. Bd4
Qxg3+ 28. Ke2 Qh2+ 29. Kd3 Qd2# 0-1

[Event "Liberec Open 2018"]
[Site "Liberec CZE"]
[Date "2018.02.24"]
[Round "1.13"]
[White "Krueger, Thomas"]
[Black "Malinovsky, Petr"]
[Result "0-1"]
[WhiteElo "1593"]
[BlackElo "2022"]
[PlyCount "74"]
[EventDate "2018.02.24"]
[EventCountry "CZE"]
[SourceTitle "Ajedrez en Madrid"]
[Source "lmi"]
[SourceDate "2018.02.24"]

1. d4 d5 2. Nf3 e6 3. e3 f5 4. Ne5 Nf6 5. Nd2 Bd6 6. Bd3 Nbd7 7. Ndf3 O-O 8.
O-O c6 9. c4 Ne4 10. Nxd7 Bxd7 11. Ne5 Be8 12. f3 Nf6 13. c5 Bxe5 14. dxe5 Nd7
15. Qc2 Nxe5 16. Be2 Nd7 17. b4 e5 18. Bb2 Bg6 19. Rad1 Qe7 20. Qc3 Rae8 21.
Rd2 f4 22. exf4 Rxf4 23. Re1 Rf7 24. Bd1 e4 25. fxe4 Bxe4 26. Bh5 Nf6 27. Bxf7+
Qxf7 28. Rf2 Qg6 29. Qd2 Ng4 30. Rf4 h5 31. h3 Nh6 32. Ref1 Nf5 33. R1f2 Kh7
34. g4 Nh4 35. Rf7 Rg8 36. Qd4 hxg4 37. R2f6 Nf3+ 0-1

[Event "Liberec Open 2018"]
[Site "Liberec CZE"]
[Date "2018.02.24"]
[Round "1.14"]
[White "Strzelecki, Jerzy"]
[Black "Hurtik, Matej"]
[Result "0-1"]
[WhiteElo "2019"]
[BlackElo "1590"]
[PlyCount "78"]
[EventDate "2018.02.24"]
[EventCountry "CZE"]
[SourceTitle "Ajedrez en Madrid"]
[Source "lmi"]
[SourceDate "2018.02.24"]

1. Nf3 Nf6 2. g3 g6 3. b3 Bg7 4. Bb2 O-O 5. Bg2 d5 6. O-O c6 7. c4 dxc4 8. bxc4
Bf5 9. d3 Nbd7 10. Nbd2 Re8 11. Nd4 e6 12. e4 Bg4 13. f3 Qb6 14. Qb3 e5 15.
Qxb6 axb6 16. fxg4 exd4 17. g5 Ng4 18. Bh3 Nde5 19. Bxg4 Nxg4 20. Nf3 Ne3 21.
Rf2 c5 22. Re2 b5 23. cxb5 Ra5 24. b6 Rb5 25. Rc1 Ra8 26. Ba1 Ra6 27. Kf2 Raxb6
28. Nd2 Ng4+ 29. Kg2 Ne5 30. Nc4 Nxc4 31. dxc4 Rb1 32. Ree1 Rxc1 33. Rxc1 Ra6
34. Kf3 Rxa2 35. e5 Rxh2 36. Re1 Rc2 37. Ke4 Rxc4 38. Kd5 Rc2 39. Rd1 b5 0-1

[Event "Liberec Open 2018"]
[Site "Liberec CZE"]
[Date "2018.02.24"]
[Round "1.15"]
[White "Kopecky, Zdenek"]
[Black "Bradac, Daniel"]
[Result "0-1"]
[WhiteElo "1579"]
[BlackElo "2011"]
[PlyCount "44"]
[EventDate "2018.02.24"]
[EventCountry "CZE"]
[SourceTitle "Ajedrez en Madrid"]
[Source "lmi"]
[SourceDate "2018.02.24"]

1. d4 Nf6 2. c4 g6 3. Nc3 Bg7 4. e4 d6 5. Be2 O-O 6. Nf3 Nbd7 7. O-O e5 8. d5
a5 9. Ne1 Ne8 10. Qc2 f5 11. f4 Nc5 12. Bf3 exf4 13. Nd3 g5 14. Nxc5 dxc5 15.
exf5 Bxf5 16. Be4 Nd6 17. Bxf5 Nxf5 18. Ne2 Qe7 19. Qd3 Rae8 20. Nc3 Qd6 21.
Bd2 Bd4+ 22. Kh1 Ng3+ 0-1

[Event "Liberec Open 2018"]
[Site "Liberec CZE"]
[Date "2018.02.24"]
[Round "1.16"]
[White "Ochedzan, Tymon"]
[Black "Lisko, Petr"]
[Result "1/2-1/2"]
[WhiteElo "1979"]
[BlackElo "1548"]
[PlyCount "44"]
[EventDate "2018.02.24"]
[EventCountry "CZE"]
[SourceTitle "Ajedrez en Madrid"]
[Source "lmi"]
[SourceDate "2018.02.24"]

1. e4 d6 2. d4 g6 3. Nc3 Bg7 4. Bg5 Nf6 5. Qd2 O-O 6. O-O-O c6 7. h4 b5 8. Bd3
Qc7 9. h5 Nxh5 10. Bh6 b4 11. Nce2 e5 12. dxe5 dxe5 13. Bxg7 Kxg7 14. Rxh5 gxh5
15. Qg5+ Kh8 16. Qf6+ Kg8 17. Bc4 Nd7 18. Rxd7 Bxd7 19. Qg5+ Kh8 20. Qf6+ Kg8
21. Qg5+ Kh8 22. Qf6+ Kg8 1/2-1/2

[Event "Liberec Open 2018"]
[Site "Liberec CZE"]
[Date "2018.02.24"]
[Round "1.17"]
[White "Polansky, Adam Lubos"]
[Black "Krzyzosiak, Anna"]
[Result "1-0"]
[WhiteElo "1949"]
[BlackElo "1538"]
[PlyCount "51"]
[EventDate "2018.02.24"]
[EventCountry "CZE"]
[SourceTitle "Ajedrez en Madrid"]
[Source "lmi"]
[SourceDate "2018.02.24"]

1. d4 Nf6 2. c4 g6 3. Nc3 Bg7 4. Nf3 d6 5. g3 O-O 6. Bg2 Nc6 7. O-O e5 8. e4
Bg4 9. d5 Nd4 10. Be3 Nxf3+ 11. Bxf3 Bxf3 12. Qxf3 Nd7 13. Qe2 f5 14. f4 fxe4
15. Nxe4 Qe7 16. Rae1 exf4 17. Bxf4 Rae8 18. Qc2 Bd4+ 19. Kg2 Qg7 20. Ng5 Rxe1
21. Rxe1 Qf6 22. Re6 Qd8 23. Rxg6+ Bg7 24. Rxg7+ Kxg7 25. Qxh7+ Kf6 26. Ne4#
1-0

[Event "Liberec Open 2018"]
[Site "Liberec CZE"]
[Date "2018.02.24"]
[Round "1.18"]
[White "Wilske, Guido"]
[Black "Peniska, Pavel"]
[Result "0-1"]
[WhiteElo "1510"]
[BlackElo "1908"]
[PlyCount "34"]
[EventDate "2018.02.24"]
[EventCountry "CZE"]
[SourceTitle "Ajedrez en Madrid"]
[Source "lmi"]
[SourceDate "2018.02.24"]

1. e4 c5 2. Nf3 Nc6 3. d4 cxd4 4. Nxd4 g6 5. Bc4 Bg7 6. Be3 Nf6 7. Nc3 O-O 8.
O-O d6 9. h3 a6 10. a3 Qc7 11. b4 Ne5 12. Na4 Nxc4 13. Bf4 e5 14. Re1 exf4 15.
Qf3 Nh5 16. Rad1 b5 17. Nc3 Ne5 0-1

[Event "Liberec Open 2018"]
[Site "Liberec CZE"]
[Date "2018.02.24"]
[Round "1.19"]
[White "Kunc, Jan"]
[Black "Kutek, Jiri"]
[Result "1-0"]
[WhiteElo "1894"]
[BlackElo "1501"]
[PlyCount "61"]
[EventDate "2018.02.24"]
[EventCountry "CZE"]
[SourceTitle "Ajedrez en Madrid"]
[Source "lmi"]
[SourceDate "2018.02.24"]

1. e4 e5 2. Nf3 Nc6 3. Bb5 d6 4. d4 Bd7 5. Nc3 a6 6. Bxc6 Bxc6 7. dxe5 dxe5 8.
Qxd8+ Rxd8 9. Nxe5 Bd7 10. Nxd7 Rxd7 11. O-O Bd6 12. Be3 Nf6 13. f3 O-O 14.
Rad1 h6 15. Nd5 Nxd5 16. Rxd5 c6 17. Rd3 Rfd8 18. Rfd1 f6 19. Bb6 Bxh2+ 20.
Kxh2 Rxd3 21. Rxd3 Rxd3 22. cxd3 Kf7 23. Kg3 g6 24. Kf4 Ke6 25. d4 h5 26. Bd8
b5 27. d5+ cxd5 28. exd5+ Kxd5 29. Bxf6 Ke6 30. Kg5 Kf7 31. Bc3 1-0

[Event "Liberec Open 2018"]
[Site "Liberec CZE"]
[Date "2018.02.24"]
[Round "1.20"]
[White "Zeleny, Tomas"]
[Black "Mezykowska, Emilia"]
[Result "1/2-1/2"]
[WhiteElo "1752"]
[BlackElo "1260"]
[PlyCount "86"]
[EventDate "2018.02.24"]
[EventCountry "CZE"]
[SourceTitle "Ajedrez en Madrid"]
[Source "lmi"]
[SourceDate "2018.02.24"]

1. d4 Nf6 2. c4 c5 3. d5 b5 4. cxb5 a6 5. bxa6 Bxa6 6. Nc3 d6 7. e4 Bxf1 8.
Kxf1 Nbd7 9. Nge2 g6 10. Qc2 Bg7 11. b3 O-O 12. Bb2 Ra6 13. g3 Qa8 14. Kg2 e6
15. Rhd1 exd5 16. Nxd5 Nxd5 17. Bxg7 Kxg7 18. Rxd5 f5 19. Nf4 Rf6 20. f3 fxe4
21. fxe4 Ne5 22. a4 Nc6 23. Qc4 Nd4 24. Rxd4 cxd4 25. Qxd4 Qa7 26. Qb2 Qc7 27.
Qe2 Ra5 28. Qd3 Qa7 29. Rc1 Rc5 30. Rc4 Rxc4 31. Qxc4 Qa5 32. Qd4 Qe1 33. Ne6+
Kf7 34. Ng5+ Ke7 35. Qa7+ Ke8 36. Qb8+ Kd7 37. Qb7+ Ke8 38. Qc8+ Ke7 39. Qc7+
Ke8 40. Qc6+ Ke7 41. Qb7+ Ke8 42. Qb5+ Ke7 43. Qb7+ Ke8 1/2-1/2

[Event "Liberec Open 2018"]
[Site "Liberec CZE"]
[Date "2018.02.25"]
[Round "2.1"]
[White "Czarniecka, Aleksandra"]
[Black "Plischki, Sebastian"]
[Result "0-1"]
[WhiteElo "1964"]
[BlackElo "2400"]
[PlyCount "74"]
[EventDate "2018.02.24"]
[EventCountry "CZE"]
[SourceTitle "Ajedrez en Madrid"]
[Source "lmi"]
[SourceDate "2018.02.24"]

1. e4 c5 2. Nf3 d6 3. d4 cxd4 4. Nxd4 Nf6 5. Nc3 a6 6. Be2 e6 7. O-O Be7 8. f4
Qc7 9. Kh1 O-O 10. Qe1 b5 11. a3 Bb7 12. Bd3 Nbd7 13. Qg3 Rad8 14. Bd2 Nc5 15.
Rae1 d5 16. e5 Nfe4 17. Bxe4 Nxe4 18. Nxe4 dxe4 19. Be3 Rd5 20. c3 g6 21. f5
Qxe5 22. Qxe5 Rxe5 23. f6 Bd6 24. Bf4 Rd5 25. Bc1 Rd8 26. h3 Bc5 27. Nb3 Bb6
28. Kh2 Rd3 29. Bf4 h5 30. Nc1 R3d5 31. Nb3 Rf5 32. Bc1 Bf2 33. Rd1 Rxd1 34.
Rxd1 Rd5 35. Rf1 e3 36. Nd4 Rxd4 37. cxd4 e2 0-1

[Event "Liberec Open 2018"]
[Site "Liberec CZE"]
[Date "2018.02.25"]
[Round "2.2"]
[White "Chakravarthi Reddy, M."]
[Black "Vitak, Jiri"]
[Result "1-0"]
[WhiteElo "2380"]
[BlackElo "1968"]
[PlyCount "73"]
[EventDate "2018.02.24"]
[EventCountry "CZE"]
[SourceTitle "Ajedrez en Madrid"]
[Source "lmi"]
[SourceDate "2018.02.24"]

1. c4 Nf6 2. Nc3 e6 3. e4 c5 4. e5 Ng8 5. Nf3 Nc6 6. d4 cxd4 7. Nxd4 Nxe5 8.
Ndb5 a6 9. Nd6+ Bxd6 10. Qxd6 f6 11. Bf4 Nf7 12. Qd2 Ne7 13. O-O-O O-O 14. Kb1
e5 15. Be3 d6 16. Bd3 Be6 17. Nd5 Bxd5 18. cxd5 f5 19. f4 Qd7 20. Be2 exf4 21.
Bxf4 Ng6 22. Bg3 Nfe5 23. h4 f4 24. Bf2 f3 25. gxf3 Nf4 26. Bf1 Rac8 27. Be3
Qf5+ 28. Ka1 Nxf3 29. Qf2 Ne5 30. h5 Rc2 31. Qg3 Nxh5 32. Qh4 Nf6 33. Bh3 Qe4
34. Be6+ Kh8 35. Qh3 Qb4 36. Bd4 Rd2 37. Rdf1 1-0

[Event "Liberec Open 2018"]
[Site "Liberec CZE"]
[Date "2018.02.25"]
[Round "2.3"]
[White "Jedynak, Radoslaw"]
[Black "Polansky, Adam Lubos"]
[Result "1-0"]
[WhiteElo "2342"]
[BlackElo "1949"]
[PlyCount "49"]
[EventDate "2018.02.24"]
[EventCountry "CZE"]
[SourceTitle "Ajedrez en Madrid"]
[Source "lmi"]
[SourceDate "2018.02.24"]

1. d4 d5 2. e3 Nf6 3. Bd3 c5 4. c3 Nc6 5. Nf3 g6 6. Nbd2 Bg7 7. O-O O-O 8. dxc5
Nd7 9. Nb3 e5 10. e4 Nf6 11. Nbd2 Qe7 12. b4 Rd8 13. Qc2 h6 14. Re1 dxe4 15.
Nxe4 Nxe4 16. Bxe4 f5 17. Bxc6 bxc6 18. Nxe5 Bxe5 19. Bf4 Rd5 20. Qe2 Ba6 21.
Qxa6 Qc7 22. Bxe5 Rxe5 23. Rxe5 Qxe5 24. Qxc6 Re8 25. Qxg6+ 1-0

[Event "Liberec Open 2018"]
[Site "Liberec CZE"]
[Date "2018.02.25"]
[Round "2.4"]
[White "Haag, Guenter"]
[Black "Certek, Pavel"]
[Result "0-1"]
[WhiteElo "1948"]
[BlackElo "2256"]
[PlyCount "56"]
[EventDate "2018.02.24"]
[EventCountry "CZE"]
[SourceTitle "Ajedrez en Madrid"]
[Source "lmi"]
[SourceDate "2018.02.24"]

1. e4 c5 2. g3 Nc6 3. Bg2 g6 4. Ne2 Bg7 5. c3 e5 6. Na3 Nge7 7. Nc2 d5 8. exd5
Nxd5 9. O-O O-O 10. d4 cxd4 11. cxd4 exd4 12. Ncxd4 Re8 13. Nb5 Be6 14. Ned4
Nxd4 15. Nxd4 Bc8 16. Nc2 Nb6 17. Ne3 Qe7 18. a4 Be6 19. a5 Rad8 20. Qe2 Bc4
21. Qg4 Bxf1 22. Bxf1 Nd7 23. Ra4 Ne5 24. Qe4 Qc7 25. Nc4 Nd3 26. Bf4 Qd7 27.
Qxd3 Qxa4 28. Qf3 Re1 0-1

[Event "Liberec Open 2018"]
[Site "Liberec CZE"]
[Date "2018.02.25"]
[Round "2.5"]
[White "Bednar, Marcel"]
[Black "Kucera, Jaroslav"]
[Result "1-0"]
[WhiteElo "2246"]
[BlackElo "1937"]
[PlyCount "79"]
[EventDate "2018.02.24"]
[EventCountry "CZE"]
[SourceTitle "Ajedrez en Madrid"]
[Source "lmi"]
[SourceDate "2018.02.24"]

1. d4 Nf6 2. c4 e5 3. dxe5 Ng4 4. e4 h5 5. Be2 Nxe5 6. Be3 Bb4+ 7. Kf1 d6 8. a3
Bc5 9. Bxc5 dxc5 10. Qxd8+ Kxd8 11. Nc3 c6 12. f4 Ng6 13. g3 Kc7 14. h4 Nd7 15.
Nf3 f6 16. Kf2 Nb6 17. b4 cxb4 18. axb4 Bg4 19. c5 Nd7 20. Nd4 Bxe2 21. Ne6+
Kc8 22. Nxe2 Rg8 23. Ra3 Ngf8 24. N6d4 g6 25. Kf3 Rg7 26. b5 Nxc5 27. bxc6 bxc6
28. Rc1 Nfe6 29. Nxe6 Nxe6 30. Rxc6+ Kd7 31. Rca6 Nc7 32. Rxa7 Rxa7 33. Rxa7
Kc6 34. Nd4+ Kb6 35. Ra2 Rd7 36. Ke3 Kc5 37. Rc2+ Kd6 38. Rd2 Ke7 39. Nc6+ Ke6
40. f5+ 1-0

[Event "Liberec Open 2018"]
[Site "Liberec CZE"]
[Date "2018.02.25"]
[Round "2.6"]
[White "Wietschke, Rolf"]
[Black "Kucera, Petr"]
[Result "0-1"]
[WhiteElo "1930"]
[BlackElo "2236"]
[PlyCount "80"]
[EventDate "2018.02.24"]
[EventCountry "CZE"]
[SourceTitle "Ajedrez en Madrid"]
[Source "lmi"]
[SourceDate "2018.02.24"]

1. Nf3 d6 2. d4 Bg4 3. e4 e6 4. Be2 Nf6 5. Nc3 Be7 6. Be3 c6 7. O-O O-O 8. Nd2
Bxe2 9. Qxe2 d5 10. e5 Nfd7 11. f4 c5 12. dxc5 Bxc5 13. Bxc5 Nxc5 14. Kh1 Nc6
15. Nb5 Qb6 16. b3 Rad8 17. c3 Qa6 18. a4 d4 19. c4 Qa5 20. Nd6 Qb4 21. Rf3 d3
22. Qe3 f6 23. N2e4 Nxe4 24. Qxe4 fxe5 25. fxe5 Rxf3 26. gxf3 Qc3 27. Rd1 Qxb3
28. Rxd3 Qxa4 29. Qg4 Qa1+ 30. Kg2 Qxe5 31. c5 b6 32. f4 Qf6 33. Ne4 Qf5 34.
Rxd8+ Nxd8 35. Qxf5 exf5 36. cxb6 axb6 37. Nd6 g6 38. Kf3 Ne6 39. h4 h5 40. Nb5
Kf7 0-1

[Event "Liberec Open 2018"]
[Site "Liberec CZE"]
[Date "2018.02.25"]
[Round "2.7"]
[White "Parligras, Cosmin"]
[Black "Kotva, Milan"]
[Result "1-0"]
[WhiteElo "2214"]
[BlackElo "1931"]
[PlyCount "53"]
[EventDate "2018.02.24"]
[EventCountry "CZE"]
[SourceTitle "Ajedrez en Madrid"]
[Source "lmi"]
[SourceDate "2018.02.24"]

1. Nf3 d5 2. d4 Nf6 3. c4 c6 4. Nbd2 Bf5 5. Nh4 Bd7 6. e3 e6 7. Nhf3 a6 8. Bd3
dxc4 9. Nxc4 b5 10. Nce5 c5 11. Ng5 Qb6 12. Ngxf7 Rg8 13. Ng5 Nc6 14. Nxd7 Kxd7
15. dxc5 Bxc5 16. Bxh7+ Ke7 17. Bxg8 Bb4+ 18. Bd2 Rd8 19. Bxb4+ Nxb4 20. Qb3
Nd3+ 21. Ke2 Nc5 22. Qc2 Rxg8 23. Rhd1 Ncd7 24. Rac1 b4 25. h4 Qb5+ 26. Ke1 Qb7
27. Qc6 1-0